Sports Quiz

Random Sports or Auto Racing Quiz

Sprint Cup ROY Quiz Stats

 Plays Quiz Updated Nov 24, 2018

Challenge
Share
Tweet
Embed
Score 0/61 Timer 07:00
0 Plays Today
Year Driver % Correct
1979Dale Earnhardt
83.1%
1993Jeff Gordon
82.2%
1959Richard Petty
71.8%
1999Tony Stewart
63.3%
2005Kyle Busch
61.8%
2000Matt Kenseth
53.1%
2016Chase Elliott
51.2%
2017Erik Jones
49.9%
1984Rusty Wallace
47%
2009Joey Logano
46.2%
2001Kevin Harvick
45.2%
2002Ryan Newman
43.4%
1987Davey Allison
42.8%
2018William Byron
42.6%
1967Donnie Allison
42%
2004Kasey Kahne
40.6%
2006Denny Hamlin
39%
2008Regan Smith
38.3%
2014Kyle Larson
37%
1972Larry Smith
37%
2007Juan Pablo Montoya
36.2%
1994Jeff Burton
33.4%
2003Jamie McMurray
30.6%
1960David Pearson
29.7%
1983Sterling Marlin
27.1%
1986Alan Kulwicki
25.8%
1977Ricky Rudd
25.2%
1998Kenny Irwin, Jr.
21.9%
1982Geoff Bodine
20.8%
1989Dick Trickle
18.9%
1991Bobby Hamilton
17.6%
Year Driver % Correct
1995Ricky Craven
17.5%
1968Pete Hamilton
17.4%
2013Ricky Stenhouse Jr.
17.2%
1985Ken Schrader
17.1%
1996Johnny Benson
16.6%
2011Andy Lally
16.2%
1997Mike Skinner
15.5%
2015Brett Moffitt
14.8%
2012Stephen Leicht
13.4%
2010Kevin Conway
13.3%
1978Ronnie Thomas
11.8%
1990Rob Moroso
10.7%
1981Ron Bouchard
10.2%
1988Ken Bouchard
10.1%
1975Bruce Hill
9.7%
1961Woody Wilson
8.5%
1973Lennie Pond
8.2%
1992Jimmy Hensley
8%
1966James Hylton
7.7%
1980Jody Ridley
7.1%
1958Shorty Rollins
6.8%
1969Dick Brooks
6.6%
1974Earl Ross
6.3%
1976Skip Manning
5.7%
1963Billy Wade
5.3%
1962Thomas Cox
5.2%
1965Sam McQuagg
5.2%
1964Doug Cooper
4.9%
1971Walter Ballard
4.6%
1970Bill Dennis
4.6%

You're not logged in!

Compare scores with friends on all Sporcle quizzes.
OR
Log In

You Might Also Like...

Show Comments

Extras

Top Quizzes Today


Score Distribution

Your Account Isn't Verified!

In order to create a playlist on Sporcle, you need to verify the email address you used during registration. Go to your Sporcle Settings to finish the process.

Report this User

Report this user for behavior that violates our Community Guidelines.

Details: